|
|
|
|
| LEADER |
00000nam a22000007a 4500 |
| 005 |
20190828131818.0 |
| 007 |
cr|||| |||| |
| 008 |
190828s2019 es |||||s|||| 00||0 spa d |
| 020 |
|
|
|a 978-84-1324-225-5
|
| 035 |
|
|
|a 24198
|
| 040 |
|
|
|a vLex
|
| 090 |
|
|
|c 9307
|d 9307
|
| 245 |
1 |
0 |
|a Ley de medidas de proteccin̤ integral contra la violencia de gňero
|h [Recurso electrn̤ico] :
|b Ley Orgǹica 1/2004, de 28 de diciembre
|
| 256 |
|
|
|a Servicio en ln̕ea
|
| 260 |
|
|
|a Madrid:
|b Dykinson,
|c 2019
|
| 300 |
|
|
|a 1 recurso electrn̤ico
|
| 500 |
|
|
|a Incluye Ley 3/2019, de 1 de marzo, de mejora de la situacin̤ de orfandad de las hijas e hijos de vc̕timas de violencia de gňero y otras formas de violencia contra la mujer.
|
| 506 |
1 |
|
|a Disponible solo en los productos indicados
|d vLex Global
|d vLex Global (Academic Edition, excluding Law Schools)
|d vLex Global (U.S. Academic Edition, Law Schools)
|d vLex Global (U.S. Academic Edition, excluding Law Schools)
|d vLex Global (Academic Edition, Law Schools)
|
| 650 |
0 |
4 |
|a Derecho Penal
|z Espaą
|
| 740 |
0 |
|
|a vLex Libros (Servicio en ln̕ea)
|
| 856 |
4 |
0 |
|u http://vlex.com/source/ley-de-medidas-de-proteccion-integral-contra-la-violencia-de-genero-ley-organica-1-2004-de-28-de-diciembre-24198
|z Acceso restringido
|
| 942 |
|
|
|c BOOK
|
| 999 |
0 |
|
|a Criminal law
|